000 00453nam a2200169Ia 4500
003 LK-CoDNM
005 20240801095559.0
008 010623t1927 xxu||||| |||| 00| 1 eng d
040 _aLK-CoDNM
_dLK-CoDNM
_eLK-CoDNM
041 _aeng
080 _a8
_bO8
100 _aKale,M.R..
245 _aThe Mudrarakshasa of Visakhadatta
260 _bStandard Publishing Company
_aBombay
_c1927
300 _bxliv, 250p. ; 22 260: Fourth cm
942 _cBK
999 _c93923
_d93923